Logo BPK

Biblioteka

Politechniki Koszalińskiej

Aktualne przepisy w ochronie środowiska / (Rekord nr 30503)

Szczegóły MARC
000 -ETYKIETA REKORDU
podpole kontrolne o stałej długości 00537nam a2200181 i 4500
001 - NUMER KONTROLNY REKORDU
pole kontrolne bg
040 ## - ŹRÓDŁO KATALOGOWANIA
Instytucja, która utworzyła rekord BPK
041 0# - KOD JĘZYKA
Kod języka tekstu pl
080 ## - UNIWERSALNA KLASYFIKACJA DZIESIĘTNA - UKD
UKD 504:349.6
008 - POLE O STAŁEJ DŁUGOŚCI - DANE KONTROLNE
podpole kontrolne o stałej długości s pl f |000 0 pol
245 10 - TYTUŁ/ODPOWIEDZIALNOŚĆ
Tytuł Aktualne przepisy w ochronie środowiska /
Pozostałe elementy strefy tytułu i oznaczenia odpowiedzialności Agencja Ochrony Środowiska w Koszalinie.
250 ## - STREFA WYDANIA
Oznaczenie wydania Stan prawny na dzień 31 lipca 1995 r.
260 ## - STREFA ADRESU WYDAWNICZEGO
Miejsce wydania Koszalin :
Nazwa wydawcy/dystrybutora AOŚ,
Data publikacji, dystrybucji/powstania dokumentu 1995.
300 ## - STREFA OPISU FIZYCZNEGO
Objętość 142 s. ;
Rozmiary 30 cm.
650 #9 - HASŁO PRZEDMIOTOWE W FORMIE NAZWY OGÓLNEJ LUB JEDNOSTKOWEJ
Nazwa ogólna lub geograficzna Środowisko człowieka
Określnik ogólny ochrona
-- prawo
710 00 - HASŁO DODATKOWE - NAZWA CIAŁA ZBIOROWEGO
Nazwa ciała zbiorowego lub jednostki geograficznej Agencja Ochrony Środowiska
856 ## - LOKALIZACJA I DOSTĘP DO ELEKTRONICZNYCH DOKUMENTÓW ZDALNYCH
Link (URL) http://koha.tu.koszalin.pl/cgi-bin/koha/opac-detail.pl?biblionumber=30503
Tekst linku Katalog online BPK
942 ## - DODATKOWE ELEMENTY (KOHA)
Typ dokumentu Książka
Egzemplarze
Wycofany Status egzemplarza Uszkodzony Dostępność Lokalizacja stała Lokalizacja bieżąca Miejsce przechowywania Sygnatura Kod kreskowy Typ dokumentu
      Dostępny Biblioteka Politechniki Koszalińskiej Biblioteka Politechniki Koszalińskiej Wypożyczalnia BG 37256 01800326 Książka
© 2023 Biblioteka Politechniki Koszalińskiej :: KOHA